NFL RB’s colleges - Statistics

General Stats
  • This quiz has been taken 62 times
  • The average score is 16 of 32
Answer Stats
Hint Answer % Correct
Derrick Henry Alabama
96%
Christian McCafferey Stanford
90%
Nick Chubb Georgia
86%
Leonard Fournette LSU
86%
Barry Sanders Oklahoma State
86%
Adrian Peterson Oklahoma
80%
Alvin Kamara Tennessee
80%
Bo Jackson Auburn
73%
LaDanian Tomlinson TCU
69%
O.J. Simpson USC
69%
Melvin Gordon Wisconsin
69%
Derrin McFaden Arkansas
59%
Emmitt Smith Florida
59%
Eddie George Ohio State
59%
Aaron Jones UTEP
55%
Jim Brown Syracuse
51%
Jerome Bettis Notre Dame
49%
Devon Achane Texas A&M
49%
Earl Campbell Texas
41%
Tony Pollard Memphis
39%
Marshall Faulk San Diego State
33%
Eric Dickerson SMU
33%
Warrick Dunn Florida State
31%
Walter Payton Jackson State
31%
Edgerrin James Miami
31%
Maurice Jones-Drew UCLA
29%
Ahman Green Nebraska
24%
Tiki barber Virginia
22%
George Rogers South Carolina
20%
Corey Dillon Washington
18%
Steven Jackson Oregon State
16%
John Riggins Kansas
12%
No matching quizzes found
Score Distribution
Percent of People with Each Score
Percentile by Number Answered
Your Score History
You have not taken this quiz